| 000 | 00356nam a22001217a 4500 | ||
|---|---|---|---|
| 008 | 230703b xxu||||| |||| 00| 0 eng d | ||
| 082 |
_a342.669 _bNIG |
||
| 100 | _cFederal Republic of Nigeria | ||
| 245 | _aThe Constitution of the Federal Republic of Nigeria 1979 | ||
| 260 |
_aNigeria _bFederal Republic of Nigeria _c1980 |
||
| 300 | _a118p | ||
| 942 |
_2ddc _cBK |
||
| 999 |
_c3303 _d3303 |
||